00928nam a22002537a 4500001000500000005001700005020001800022040002900040050002200069082001000091100001700101245008300118260004400201300002200245505000600267520025300273521001600526521001600542650002100558650003100579650002100610650001300631700003000644206120241125081859.0 a9789814281195 aFISKHbengcFISKHdFISKH aMLCM 97/08746 (P) a398.2 aGiles, Jenny aSly fox and little red hen /cRetold by Jenny Giles Illustrated by Isabel Lowe aSouth Melbourne :bNelson School,c1998 a32 pages :c21 cm aK aLight-hearted stories and fables about talking animals are a very old European tradition. This simple retelling omits the hen's amazing skill with a needle and thread, but retains the original humour of the tale. Set in Britain in the 19th century. a540bLexile aKbRaz-Plus 2AnimalsaAnimals 2Farm animalsaFarm animals 2ChickenaChicken 2FoxaFox aLowe, IsabeleIllustrator